[Event "Wales Seniors Ch"]
[Site "?"]
[Date "2023.09.08"]
[Round "1.1"]
[White "Phillips, William"]
[Black "Batey, Richard"]
[Result "1/2-1/2"]
[WhiteElo "1819"]
[BlackElo "2044"]
[Annotator "User"]
[PlyCount "94"]
[SourceVersionDate "2023.09.12"]

{[%evp 0,28,25,26,24,27,22,4,4,-5,22,13,20,20,35,18,38,38,34,37,29,29,56,57,57,34,80,28,28,28,24]} 1. d4 d5 2. Nf3 Nf6 3. c4 e6 4. Nc3 Be7 5. Bg5 O-O 6. e3 h6 7. Bh4 Ne4 8. Bxe7 Qxe7 9. Qc2 (9. Rc1 Nxc3 10. Rxc3 c6 11. Bd3 Nd7 12. O-O e5 13. dxe5 dxc4 14. Bxc4 Nxe5 15. Nxe5 Qxe5 16. Qd4 {Phillips-Baumbach,EU ch tm Seniors Vienna 2015,1/2-1/2} (16. f4 Qf6 17. e4 Be6 18. e5 Qe7 19. Bxe6 fxe6 {Phillips-Ng, 4ncl 2015,0-1})) (9. cxd5 Nxc3 10. bxc3 exd5 11. Bd3 Nd7 12. O-O Nf6 13. Qc2 b6 14. Rfe1 Bb7 {Hitchens-Batey,4NCL 2001,0-1}) 9... Nxc3 10. Qxc3 c6 11. Bd3 Nd7 12. O-O Re8 13. Ne5 {initially first line of SF16, then drops to 3rd place.} (13. cxd5 $11 exd5 14. b4 {25 games, 68% for Wh}) (13. e4 $11 {9 games, 83 % for Wh}) 13... Nxe5 $11 14. dxe5 b6 (14... a5 15. c5 f5 16. a3 Qc7 17. Rac1 Bd7 18. Bc2 b5 19. cxb6 Qxb6 20. Ba4 Rab8 21. b3 Rec8 {Sobek-Vechet,MOR ch tm, Moravia 2002,1/2-1/2}) 15. Rfd1 Bb7 16. b4 (16. cxd5 cxd5 $11 (16... exd5 17. f4 c5 18. Bc2 $14 {SF16})) 16... c5 $15 17. b5 Red8 18. Qc2 dxc4 (18... Rd7 $17) 19. Bxc4 Rxd1+ 20. Rxd1 Rd8 21. f4 Rd7 (21... Rxd1+ 22. Qxd1 Be4 $15 {SF16}) 22. a4 (22. Rxd7 Qxd7 23. Qd3 $11 {the protected passed pawn will be easily held in check}) 22... Qd8 23. Rxd7 Qxd7 24. Qd3 Qxd3 25. Bxd3 {transposes to last note} Bd5 26. Bc2 f6 27. e4 Bc4 28. exf6 gxf6 29. e5 Kf7 30. Kf2 a6 $2 (30... fxe5 31. fxe5 Bd5 $11 {SF16}) 31. bxa6 (31. a5 $18 {SF16} bxa5 (31... axb5 32. axb6 Bd5 33. Ke3 f5 34. g4 fxg4 35. Be4 $18) 32. b6 Bd5 33. g4 fxe5 34. fxe5 Ke7 35. h4 Bb7 36. Ke3 c4 37. Kd4 Bd5 38. Be4 $18 {SF16}) 31... Bxa6 $11 32. g4 Bb7 33. h4 fxe5 34. fxe5 Bc6 35. Ke3 Bd5 36. Kf4 Kg7 37. g5 Bc4 {[Draw?]} 38. Be4 Bb3 39. Bc6 c4 40. gxh6+ Kxh6 41. Be8 c3 42. Ke3 c2 43. Kd2 Kg7 44. Bd7 Kg6 45. Bxe6 c1=Q+ 46. Kxc1 Bxe6 47. a5 bxa5 $11 {(Draw?]} (47... b5 48. a6 Bd5 49. Kc2 b4 50. Kd3 Kf5 51. h5 Kxe5 52. a7 b3 53. Kc3 Kf6 54. a8=Q Bxa8 55. Kxb3) 1/2-1/2

[Event "Wales Seniors Ch"]
[Site "?"]
[Date "2023.09.08"]
[Round "1.2"]
[White "Morris, Charles F"]
[Black "Thomas, Mark"]
[Result "1/2-1/2"]
[WhiteElo "2029"]
[BlackElo "1724"]
[Annotator "User"]
[PlyCount "101"]
[EventDate "2023.??.??"]
[SourceVersionDate "2023.09.12"]

{[%evp 0,17,26,-12,19,-16,-2,-2,35,22,24,21,24,24,13,-2,31,16,37,11]} 1. c4 d6 (1... g6 2. Nc3 Bg7 3. d4 d6 4. e4 Nf6 5. Nf3 O-O 6. h3 Nbd7 7. Be3 e5 {MacDonald-Thomas, SW Autumn2022,1/2-1/2}) 2. g3 e5 3. Bg2 f5 4. d4 Be7 5. Nc3 {main} (5. Nf3 e4 6. Nfd2 Nf6 7. f3 exf3 8. Nxf3 O-O 9. Nc3 Na6 10. O-O c6 11. d5 c5 12. Ng5 Nc7 {Morris-Ansell, 4NCL 2009,0-1}) 5... Nf6 6. Nf3 e4 7. Nd2 {25 games,46 % bfor Wh} (7. Ng5 {196 games, 57% for Wh}) 7... c6 8. O-O $15 {0.5-7.5} Na6 $146 (8... d5 $15 {SF16. 0.5-7.5}) 9. a3 (9. d5 O-O 10. f3 exf3 (10... cxd5 11. cxd5 Bd7 $11 (11... Qb6+ 12. Kh1 Bd7 $11) 12. fxe4 Ng4 13. Nf3 fxe4 14. Nxe4 Qb6+ 15. Kh1 Bf5 16. Qa4 Rae8 17. Nfg5 Qb4 $11 {SF16}) 11. Nxf3 c5 {transposes to Morris-Ansell, 0-1, when SF16 gives QC2 definite plus for Wh (though not yet played) Other games went with a draw and 2 Bl wins}) 9... Nc7 (9... d5) 10. e3 (10. d5 $11) 10... O-O (10... d5 $17 {SF16}) 11. b4 Be6 12. Bb2 d5 $17 {SF16- Wh's QB is defintely bad.while his KB is biting on granite} 13. c5 $19 {now all the Wh pawns are on the same colour as his unfortunate QB, and SF16 claims Bl is winning} (13. cxd5 Ncxd5 14. Ne2 h5 15. Rc1 h4 16. Nf4 Bf7 $17 {SF16, but perhaps Wh might get a bit of play on the c file with b5}) 13... Bf7 (13... h5 14. f3 h4 $19 15. Ne2 Qe8 $19 {SF16}) 14. a4 Bh5 15. Qb3 Qd7 16. b5 Ne6 17. Ba3 g5 (17... Bd8 18. f3 a6 19. Rab1 axb5 20. axb5 Kh8 21. Bb4 Ng5 $17 {SF16}) 18. Rfb1 f4 (18... Bd8 19. a5 Bxa5 20. Bb4 Bxb4 21. Qxb4 f4 $17 {SF16}) 19. bxc6 (19. a5 Ng4 20. Ncxe4 fxe3 21. fxe3 dxe4 22. Nxe4 Bf7 23. Qd3 Bg6 24. Qb3 a6 $17 {SF16}) 19... bxc6 $19 20. Qb7 Rad8 (20... Qe8 {SF16 keeps Qs on to continue attacking the K} 21. Rb2 Bg6 22. Rab1 Bf5 23. a5 h5 24. h3 {the alternative SF16 is to sac on e4 again} Rc8 25. Qxa7 Ra8 26. Qb7 Rxa5 27. Ra1 Ra8 28. Rb6 Rc8 29. Bb4 f3 30. Bf1 Rc7 31. Qa6 Nf4 $19 32. exf4 gxf4 33. Kh1 Kh8 34. Ra3 fxg3 35. fxg3 Qg6 {and the g file decides while most of the Wh army is far away on the Q side}) 21. Qxd7 Rxd7 22. a5 fxe3 23. fxe3 Ng4 $17 24. Nd1 Bf6 25. Bb2 Rb8 (25... Nh6 $19 {suggested by Rudy & SF16} 26. a6 Rdf7 27. Bh3 Nc7 28. Nc3 Bg7 29. Rf1 Rxf1+ 30. Rxf1 (30. Nxf1 Rb8 31. Bc1 g4 32. Bg2 Nf5 33. Ra4 Be8 {coming to collect the a pawn}) 30... Rb8 (30... Rxf1+ 31. Kxf1 (31. Bxf1 Nf5 32. Kf2 Bxd4 $19) 31... g4 32. Bg2 Nf5 33. Ke2 Bh6 34. Nd1 Nxa6 $19 {SF16})) 26. Bc3 $11 (26. h3 Nxe3 27. Nxe3 Nxd4 28. Kh2 Rdb7 29. Bc3 Rxb1 30. Rxb1 Rxb1 31. Nxb1 Kf7 $11 {SF16}) 26... Rdb7 27. Rxb7 Rxb7 28. h3 Nh6 (28... Nxe3 29. Nxe3 Bxd4 30. Bxd4 Nxd4 31. Ra4 Ne2+ 32. Kf2 Rb2 33. Ke1 Nxg3 $11 {SF16}) 29. g4 Bg6 $14 (29... Be8 $11) 30. a6 Rb8 31. Rb1 (31. Ra3 Be8 32. Rb3 Rxb3 33. Nxb3 Bd7 34. Na5 $14 {SF16}) 31... Rxb1 32. Nxb1 Nf7 (32... Be8 $11) 33. Na3 Bd8 34. Nc2 Bc7 35. Bf1 h5 36. Be2 Ng7 37. Na1 hxg4 38. hxg4 (38. Bxg4 $5) 38... Nd8 39. Nb3 Be8 40. Kg2 Bd7 41. Nb2 (41. Ba5 Bxa5 42. Nxa5 Ne8 43. Nc3 Bc8 44. Na2 Kf8 (44... Nc7 $6 45. Nb4 Bd7 46. Nb7 Nde6 47. Kf2 Kf8 48. Bd1 Nb5 $14)) 41... Ne8 42. Ba5 $2 {echanges off the B at last, but bad timing- it should have been last move} (42. Kh3) 42... Bxa5 43. Nxa5 Nf6 $11 (43... Bc8 44. Nd1 Nc7 $17 {wins the a pawn}) 44. Kg3 Nf7 45. Nd1 Nh6 46. Nf2 (46. Nc3 $11 {SF16, as Wh gets c6 if Bl takes on g4}) 46... Kf8 47. Bd1 Nf7 48. Nh3 Nh7 49. Ba4 Nd8 50. Nb7 Ke7 51. Nd6 $2 {(Draw?]} (51. Na5 $11 {SF16}) (51. Nd6 $2 Ne6 52. Bd1 Nc7 53. Be2 (53. Kf2 Nxa6 54. Ke1 Nc7 55. Kd2 Ne6 $17) 53... Nb5 $19 54. Nf5+ (54. Nxb5 cxb5 {Bl wins the a pawn with the K to c6, then advances both Q side pawns}) 54... Kf6 55. Nf2 Nc3 (55... Bxf5 56. gxf5 Kxf5 57. Ng4 $11 {SF16}) 56. Bf1 Nf8 57. Nd6 Ne6 58. Nb7 Nc7 59. Na5 N7b5 60. Nb3 Na3 61. Na1 Bc8 62. Kh2 Nc4 63. Bxc4 dxc4 64. Nc2 Bxa6 $19 {SF16-but not at all easy to find especially at the end of a long game.}) 1/2-1/2

[Event "Wales  Seniors Ch"]
[Site "?"]
[Date "2023.09.07"]
[Round "1.3"]
[White "Van Kemenade, J.."]
[Black "Miles, Richard"]
[Result "0-1"]
[WhiteElo "1670"]
[BlackElo "1967"]
[Annotator "User"]
[PlyCount "71"]
[EventDate "2023.09.08"]
[SourceVersionDate "2023.09.09"]

{[%evp 0,71,80,27,100,86,46,14,84,-11,5,-8,91,94,64,25,45,-18,12,-41,0,-16,22,-21,-1,-7,-10,-9,-15,-45,-45,-33,-22,-23,-15,-28,27,6,18,15,-21,-21,36,29,70,42,43,43,1,43,69,-237,-235,-225,-276,-274,-270,-320,-263,-278,-268,-299,-301,-301,-234,-234,-225,-232,-273,-269,-296,-296,-355,-418]} 1. e4 c5 2. Nf3 Nc6 3. d3 g6 4. g3 Bg7 5. Bg2 e6 6. O-O Nge7 7. Re1 O-O 8. Nbd2 d5 (8... d6) 9. e5 Qc7 10. Qe2 b5 (10... b6) 11. Nf1 Nf5 (11... Bb7) 12. c3 Rb8 (12... b4 13. Bf4 (13. h4)) 13. Bf4 (13. h4 {1.5-0.5}) (13. g4 Nfe7 14. Bg5 {1-0}) 13... b4 14. g4 Nfe7 15. Qd2 $14 bxc3 16. bxc3 Qa5 (16... Ba6) 17. Ng3 Qa3 18. Rab1 (18. Bh6 {Richard & SF16} Rb2 (18... Qb2 19. Qf4 f5 20. exf6 Rxf6 21. Qg5 Rf7 22. Bxg7 Kxg7 23. Rec1 $16) 19. Qc1 Rxa2 20. Rxa2 Qxa2 21. Nh5 gxh5 22. Qg5 Ng6 23. Bxg7 Kxg7 24. Qf6+ Kg8 25. gxh5 Nce7 26. hxg6 Nxg6 27. h4 $16 {SF16}) 18... Bd7 (18... Ba6) 19. h4 (19. Bh6) 19... Rxb1 20. Rxb1 f6 21. Rb3 Qa5 22. exf6 Bxf6 23. Bd6 (23. Bh6 Rf7 24. Ng5 Bxg5 25. Bxg5 Qc7 26. h5 $16 {SF16}) 23... Rd8 (23... Rf7 24. Qe3 Bc8 25. Bxc5 Qxa2 26. Ra3 Qb1+ 27. Kh2 Qb8 28. d4 $14 {SF16}) 24. Qf4 Rf8 25. Bc7 (25. Qe3) (25. Rb7 Qd8 26. Bxc5 $16) 25... Qxa2 $19 26. Rb7 Qa6 (26... Bc8) 27. Rb3 Qxd3 28. Qd6 (28. Qc1 Nd4 29. Nxd4 Bxd4 30. Nh1 Nc6 $19 {SF16}) 28... Qd1+ (28... Bc8 29. Ra3 c4 $19) 29. Kh2 Qxb3 30. Qxd7 d4 (30... Qb7 31. Qxe6+ Kh8 32. Be5 Nxe5 33. Nxe5 Bxh4 $19 {SF16}) 31. cxd4 (31. c4 Qxc4 32. Nd2 Qa6 33. Qxe6+ Kh8 34. Bd6 Qc8 35. Qe4 Qd7 36. Bxc5 Bxh4 {SF16}) 31... Qd5 $19 (31... Qc4) 32. Qxd5 Nxd5 33. Bd6 Be7 (33... Nxd4 34. Bxf8 Nxf3+ 35. Bxf3 Kxf8 $19) 34. Bxc5 Bxc5 35. dxc5 a5 36. Ne4 (36. Ng5 a4 37. Nxe6 Rxf2 38. Kg1 Rxg2+ 39. Kxg2 a3) 0-1

[Event "Wales Seniors Ch"]
[Site "?"]
[Date "2023.09.08"]
[Round "1.4"]
[White "Saunders, Walter NR"]
[Black "Quinn, Peter"]
[Result "1-0"]
[WhiteElo "1943"]
[BlackElo "1645"]
[Annotator "User"]
[PlyCount "111"]
[SourceVersionDate "2023.09.13"]

1. d4 c6 2. e4 Nf6 (2... d6) 3. Bd3 (3. e5 {75% for Wh}) 3... d6 4. f4 e5 {both players in new territory} 5. c3 Nbd7 6. Nf3 Qc7 7. O-O Be7 8. a4 (8. Kh1) (8. h3 {main lines}) (8. fxe5 dxe5 9. a4 {Cloud Engines}) 8... a5 9. Na3 c5 $2 $18 {dangerous to open up lines when the K is in the middle} (9... O-O 10. Nc4 exd4 11. cxd4 d5 12. e5 dxc4 13. exf6 Bxf6 14. Bxc4 Nb6 15. Bb3 Bg4 {Doucha-Briestenska, SVK ch tm 2016,1/2=1/2}) 10. Nb5 Qb8 (10... Qb6 11. Nd2 cxd4 12. Nc4 Qc6 13. cxd4 O-O 14. d5 Qa6 15. Kh1 (15. Nc7 Qa7+ 16. Kh1 b6 (16... Rb8 17. Be3 b6 18. Nb5 Qa6 19. Nbxd6 Bxd6 20. Nxd6 Qa8 21. Nf5) 17. Nxa8) 15... Ne8 16. Be2 h6 17. Ra3 $18 {SF16}) 11. fxe5 (11. dxe5) 11... dxe5 12. d5 (12. Nxe5 Nxe5 13. dxe5 Nd7 14. Bc4 O-O 15. Rxf7 Rxf7 16. Bxf7+ Kxf7 17. e6+ Kg8 (17... Kxe6 18. Qd5+ Kf6 19. Qf5#) 18. exd7 Bxd7 19. Qxd7 $18 {SF16}) (12. dxe5 Ng4 13. Bc4 O-O (13... Ndxe5 14. Nxe5 Nxe5 15. Bxf7+ Nxf7 16. Bf4 $18 Ne5 17. Qh5+) 14. e6 $18 Nb6 15. exf7+) 12... O-O 13. c4 $18 {Bl is very short of space} b6 14. b3 Ba6 15. Bb2 (15. Nc3 {as the bl B has fewer prospects than the N- keep pieces on when your opponent is cramped}) 15... Bxb5 16. axb5 $16 Ne8 17. Bc2 Bf6 18. Qe1 g6 19. Qg3 Bg7 20. Rae1 f6 {best to leave pawn moves on the side where one in under attack, especially around the K} (20... Qd6 21. Bc1 Qe7 $16) 21. h4 $18 Nd6 22. h5 Qe8 23. hxg6 Qxg6 (23... hxg6 24. Bc1 g5 {blocks on the Bl squares, but leaves the wh ones wide open} 25. Bd1 Ra7 26. Nh2 Qe7 27. Bg4 $18 {SF16}) 24. Qh3 Qe8 25. Nd2 (25. Nh4) 25... Nb7 (25... Rf7 26. Bc1 Nf8 27. Nf3 Ng6 28. Nh2 a4 29. bxa4 Nxc4 30. Ng4 {SF16 more logical sequence}) 26. Qe6+ (26. Bd1) 26... Kh8 (26... Qxe6 27. dxe6 Nb8 28. Bd1 Re8 29. Bg4 Nd8 30. e7 Rxe7 31. Nb1 Ne6 32. Nc3 Nd7 (32... Nd4 33. Nd5) 33. Nd5 Kf7 34. Rd1 Rb8 35. Nxe7 Kxe7 36. Bxe6 Kxe6 37. Rd3 $18) 27. Nf3 Nd8 28. Qxe8 (28. Qh3 {keeps attack with more power}) 28... Rxe8 29. Nh4 Nf7 30. Nf5 Bf8 (30... Bh6 {SF16}) 31. Rf3 Nd6 32. Bc1 Nxf5 33. Rxf5 Be7 34. Kf2 Rg8 35. Rh1 Rg7 36. Rfh5 Rag8 37. g4 (37. g3 {SF16, keeps lines open for the wh B}) 37... Nf8 38. Bh6 Rf7 39. Kf3 Ng6 40. Rf5 Bf8 41. g5 Bxh6 42. Rxh6 Kg7 43. Rh5 Rgf8 44. gxf6+ (44. Ke3 fxg5 45. Rhxg5 Re7 46. Bd1 Rxf5 47. exf5 Kf6 48. Rg1 Kxf5 49. d6 $18 {Sf16}) 44... Rxf6 45. Rxf6 Rxf6+ 46. Ke3 Rf1 (46... Rf8 47. Bd1 Re8 48. Rg5 Rf8 49. Rf5 Rxf5 50. exf5 Ne7 51. Ke4 Kf6 52. d6 Nxf5 53. d7 Nd6+ 54. Kd5 Nf7 55. Kc6 $18 {Sf16}) 47. Rf5 Rh1 48. d6 Rh3+ 49. Kd2 Rh2+ 50. Kc3 Rh3+ 51. Bd3 Nf4 52. Rxf4 exf4 53. d7 f3 54. d8=Q Rh6 55. Qd7+ Kg8 56. Qg4+ 1-0

[Event "Wales Seniors Ch"]
[Site "?"]
[Date "2023.08.07"]
[Round "1.5"]
[White "Thomas, Roy"]
[Black "Van Kemenade, R.."]
[Result "0-1"]
[WhiteElo "1641"]
[BlackElo "1934"]
[Annotator "User"]
[PlyCount "49"]
[EventDate "2023.09.08"]
[SourceVersionDate "2023.09.09"]

{[%evp 0,14,22,-16,5,17,34,73,64,21,27,27,27,17,36,51,67]} 1. f4 d6 2. Nf3 g6 3. e4 c5 4. Be2 (4. Bc4) 4... Bg7 5. O-O Nc6 6. d3 (6. c3) 6... f5 (6... e6 {main}) 7. Nc3 (7. c3) 7... e6 {2-0} (7... Nf6 8. Qe1 O-O {0.5-1.5}) (7... Nh6 {0-2/ Bl thought about both N moves, ten moved pawn to leave options open}) 8. exf5 (8. Bd2 {1-0}) (8. Qe1 {1-0}) 8... gxf5 (8... exf5 9. Re1 Nge7 10. d4 cxd4 11. Nb5 O-O 12. Nbxd4 $16 {SF16}) 9. Ng5 Nh6 (9... Ke7 10. Bh5 Bxc3 11. bxc3 Nf6 12. Bf3 h6 13. Nh3 Kd7 $14 {SF16}) (9... Nge7 10. Bh5+ Ng6 11. Re1 O-O 12. Nxe6 $16 (12. Rxe6 $16)) 10. Bh5+ $18 Kf8 (10... Kd7 {first idea} 11. Re1 Nd4 12. Ne2 Kc7 13. c3 Nc6 14. d4 a5 15. Be3 Qe7 16. d5 $18 {SF15}) 11. Re1 Nd4 (11... Bd7 12. Nb5 Ke7 13. c3 a6 14. Na3 Qc7 15. Nc2 Rag8 16. d4 $18 {SF16}) 12. Ne2 Nxe2+ (12... Ng4 13. Bxg4 (13. c3 h6 14. cxd4 hxg5 15. Bxg4 fxg4 16. fxg5 Kg8 17. Be3 b6 18. Rf1 $18) 13... fxg4 14. Nxd4 Bxd4+ 15. Kh1 h5 (15... h6 16. Nxe6+ Bxe6 17. Rxe6) 16. Rxe6 Bf6 17. Qf1 Kg7 18. f5 $18 {SF16}) 13. Qxe2 (13. Rxe2 Ng4 14. Bxg4 fxg4 15. Nxe6+ Bxe6 16. Rxe6 h5 17. f5 $18 {SF16}) 13... e5 (13... Qe7 14. c3 (14. Nxe6+ Bxe6 15. Qxe6 Qxe6 16. Rxe6 Rd8 17. Bd2 $18) 14... Ng8 15. Bd2 Bd7 16. g4 $18 {SF16}) 14. c3 (14. fxe5 dxe5 15. c3 Bd7 16. Nf3 $18 {SF16}) 14... Bd7 (14... Bf6 15. Nf3 e4 16. dxe4 fxe4 17. Qxe4 d5 18. Qe2 Kg7 19. Be3 Qc7 20. Qd2 Rd8 21. f5 Nxf5 22. Bf4 Qb6 23. g4 $18 {SF16}) 15. Be3 b6 (15... Qe7 16. fxe5 dxe5 17. Nf3 Nf7 18. Bf4 $18 {SF16}) 16. Qf3 Rc8 17. Qd5 (17. fxe5 dxe5 18. d4 cxd4 19. cxd4 exd4 20. Bf4 $18 {SF16}) 17... Qf6 (17... Qe7 18. fxe5 dxe5 19. d4 Bc6 20. Qb3 Be8 21. Ne6+ Kg8 22. Bxe8 Rxe8 23. Nc7+ {SF16}) 18. fxe5 Qxe5 19. Qb7 Rd8 (19... Qe7 20. Bxc5 dxc5 21. Rxe7 Kxe7 22. Qd5 Rc6 23. Re1+ Kd8 24. Ne6+ Kc8 25. Nxg7) 20. Qc7 Qf6 (20... Bf6 21. Ne6+) 21. Bf4 Kg8 22. Re2 (22. Bxd6 {expected by Bl} Bf8 (22... Qxg5 23. Re7 $1 {SF16} (23. Be7 {seen by Bl} Qxh5 24. Bxd8 Bb5 25. a4 Ba6 26. a5)) 23. Bf4 b5 24. Nf3 (24. Bf3 Bc8 25. Bc6 a6 26. Re8 Rxe8 27. Bxe8 $18 {SF16})) (22. Bf3 Bf8 23. Bd5+ Kg7 24. Ne6+ $18 {SF16}) 22... Bf8 23. Rae1 (23. Bf3) 23... Ng4 {desperation} 24. Re6 Bxe6 25. Nxh7 $2 {Wh has forgotten about the R since it hadnt moved} (25. Rxe6 $18 {wins Q mating SF16}) 0-1

[Event "Wales Seniors Ch"]
[Site "?"]
[Date "2023.09.08"]
[Round "1.6"]
[White "Davis, Lee"]
[Black "Hurn, Robert AJ"]
[Result "1-0"]
[WhiteElo "1927"]
[BlackElo "1544"]
[Annotator "User"]
[PlyCount "101"]
[EventDate "2023.09.08"]
[SourceVersionDate "2023.09.13"]

1. d4 Nf6 2. g3 d5 (2... e6 3. Bg2 d5 4. Nf3 Nbd7 5. O-O Be7 6. c4 dxc4 7. Qa4 O-O 8. Qxc4 c5 9. Rd1 Qb6 {Davis-Hurn, Tom Weston Major op 2007,1-0}) 3. Bg2 c5 4. Nf3 Nc6 5. O-O cxd4 6. Nxd4 e5 {main, but Dangeous to let Wh have a sharp Grunfeld variation , in which he has an extra tempo} (6... Bd7 7. c4 Nxd4 8. Qxd4 Bc6 9. Nc3 e6 10. Bg5 dxc4 11. Bxc6+ bxc6 12. Qxc4 Qb6 13. Bxf6 gxf6 14. Ne4 Be7 15. Rac1 {Davis-Whitelaw,S Wales Winter 2014,1-0}) 7. Nxc6 bxc6 8. c4 Be6 9. Nc3 h6 (9... Rc8) (9... Qd7) (9... Be7 {more frequent lines}) 10. Qa4 Qd7 11. cxd5 (11. Rd1 {also}) 11... Nxd5 (11... cxd5 12. Qxd7+ Kxd7 13. Rd1 {20 games, 88% for Wh}) 12. Rd1 {Cloud Engines} (12. Nxd5 cxd5 13. Qxd7+ Kxd7 14. Rd1 {Englert-Hofstetter, Bayern ch, Bad Kissingen 2018,1-0}) 12... Bc5 (12... Rb8 $16 {SF16 & Houdini6.02}) 13. Nxd5 (13. Ne4 Be7 14. Be3 O-O 15. Nc5 $16 {SF16}) 13... cxd5 14. Qxd7+ Bxd7 (14... Kxd7 15. Bxd5 Rad8 16. Bf3+ $16 {SF16}) 15. Rxd5 $18 Rc8 16. Rxe5+ Kf8 (16... Be6 17. Bb7 Rc7 18. Bd5 $18 {SF16}) 17. Be3 (17. Bd2 Bb6 18. Bb4+ Kg8 19. Bc3 {SF16}) 17... Bb6 18. Bxb6 axb6 19. Rd1 Bg4 20. b3 g6 21. h3 Be6 22. Rd2 Kg7 23. Rb5 Rc1+ 24. Kh2 Rhc8 (24... Rb8) 25. Rxb6 R8c2 26. Rbd6 Rc7 27. Bd5 Bc8 28. Be4 (28. Bc4) 28... Rf1 29. e3 Rfc1 30. Rd1 R1c3 31. g4 Ra7 32. R1d2 Rac7 33. Kg3 (33. b4 {Sf16}) 33... Rc1 34. Rd1 R1c3 35. R6d4 g5 36. Bd5 Rc2 37. R1d2 Rc1 38. Rc4 Rg1+ 39. Kh2 Rc1 40. Rxc7 Rxc7 41. Kg3 Ra7 42. a4 Bd7 43. Rc2 Kf6 44. Rc5 Kg7 45. a5 Be6 46. Bxe6 fxe6 47. b4 Kf7 48. Rc6 Ke7 49. a6 Kd7 50. b5 e5 51. Rxh6 1-0

[Event "Wales Seniors Ch"]
[Site "?"]
[Date "2023.09.08"]
[Round "1.7"]
[White "Morgan, David"]
[Black "Adams, Mark"]
[Result "0-1"]
[WhiteElo "1524"]
[BlackElo "1898"]
[Annotator "User"]
[PlyCount "94"]
[EventDate "2023.09.08"]
[SourceVersionDate "2023.09.13"]

1. c4 e5 2. Nc3 Nf6 3. g3 d5 4. cxd5 Nxd5 5. Bg2 Nb6 6. d3 (6. Nf3 Nc6 7. O-O Be7 8. d3 O-O 9. Re1 Be6 10. Bd2 f6 {Vaidya-Adams, 4NCL 2019,1/2-1/2}) 6... Nc6 7. Nf3 Be7 8. a4 a5 9. O-O Be6 10. Nd2 $146 (10. Be3) (10. Nb5 {main lines}) 10... O-O $15 (10... Qd7 11. Nb5 h5 $17 {SF16}) 11. b3 Nd5 (11... Qd7 $15 {Cloud Engines}) 12. Nxd5 (12. Bb2 $11) 12... Bxd5 13. Bxd5 Qxd5 14. Bb2 Rad8 15. Nf3 (15. Nc4) 15... e4 $17 16. dxe4 Qxe4 17. Qe1 Bb4 18. Bc3 Bxc3 (18... Qc2) 19. Qxc3 Qxe2 $19 20. Qe3 (20. Rfe1) 20... Qxe3 21. fxe3 Rd3 22. Nd4 Nxd4 23. exd4 Rxd4 24. Rf5 b6 25. Raf1 c5 26. R1f3 f6 27. Re3 Kf7 28. Rff3 Re8 29. h4 Rxe3 30. Rxe3 c4 31. bxc4 Rxc4 32. Ra3 Ke6 33. Kf2 Kd5 34. Rb3 Rb4 35. Ra3 Kc5 36. Kf3 Kc4 (36... h5) 37. Ra1 Kb3 38. Rd1 Kxa4 39. Rd7 Kb3 40. Rd3+ (40. Rxg7 {is worth a try}) 40... Kc2 41. Rd7 a4 42. Rxg7 a3 43. Rxh7 Ra4 44. Rc7+ Kb2 45. Re7 a2 46. Re2+ Kb3 47. Re3+ Kb4 0-1

[Event "Wales Seniors Ch"]
[Site "?"]
[Date "2023.09.08"]
[Round "1.8"]
[White "Havard, Gwyn"]
[Black "Dodington, Russell H"]
[Result "1-0"]
[WhiteElo "1848"]
[BlackElo "1435"]
[Annotator "User"]
[PlyCount "47"]
[EventDate "2023.09.08"]
[SourceVersionDate "2023.09.13"]

1. e4 Nf6 2. e5 Nd5 3. c4 (3. Nc3 Nb6 4. d4 d5 5. Nce2 e6 6. Ng3 c5 7. c3 Nc6 8. Nf3 Nd7 {Burgoyne-Dodington, S Wales New Year major, 2020,0-1 ( position otherwise reached via French or CaroKann)}) 3... Nb6 4. d4 d6 (4... e6 5. f4 d6 6. Nf3 Bd7 7. Nc3 Be7 8. Be3 O-O 9. Bd3 g6 10. Qc2 a5 11. h4 {Havard-G Davies, S Wales NY Major, Bridgend 2020,1-0}) 5. f4 (5. exd6 cxd6 6. Nf3 g6 7. Nc3 Bg7 8. Bg5 O-O 9. Be2 Nc6 10. O-O Bg4 11. d5 {Dineen-Dodington, WLS U1850 L, 2020,1/2-1/2}) 5... dxe5 6. fxe5 Nc6 (6... Bf5 7. Nf3 e6 8. Bd3 Bg4 9. Be4 Nc6 10. Bxc6+ bxc6 11. c5 Nd5 12. O-O Be7 13. Nc3 O-O {Havard-Quinn, S Wales Autumn Premier, Newport 2019,0-1}) 7. Be3 Bf5 8. Nf3 e6 9. Bd3 (9. Nc3 {3,686 games, 55% for Wh}) 9... Bb4+ (9... Bg4 {21 games, 29 % for Wh}) 10. Nc3 Bg6 $146 {though after this still analysis by Cloud Engines} (10... Bg4 $14 {24 games, 58% for Wh}) 11. O-O $16 Qd7 12. a3 (12. Ne2 {SF16}) 12... Bxc3 13. bxc3 Na5 14. Bxg6 hxg6 {Fritz13 & SF16 prefer taking back with} (14... fxg6) 15. c5 (15. Ng5 $18 {both Engines} Naxc4 (15... Rf8 16. d5 Naxc4 17. Bc5 $18) 16. Rxf7 Nxe3 17. Qf3 Qc6 18. Qxe3 O-O-O 19. Raf1 $18 {SF16}) 15... Nd5 16. Qd3 (16. Bd2) 16... Nxe3 17. Qxe3 O-O-O 18. Rab1 (18. Ng5 {both Engines} Rdf8 19. Rf3 Rh5 20. Raf1 Nc4 21. Qc1 Qe7 22. Nxf7 Rf5 23. Ng5 $18) 18... b6 19. Qe2 $18 Qd5 20. cxb6 (20. Ng5 f5 21. Nf7 $18) 20... axb6 21. Qa6+ (21. Ng5 $18) 21... Qb7 22. Qxb7+ Kxb7 23. Ng5 Nc4 24. Rxf7 1-0